Struktury řízení podniků v tržních podmínkách.
Nevyhovujúca organizačná štruktúra podniku a jeho informačného systému a smery zmien. Deľba práce v riadení. Členenie riadiaceho systému. Mechanizmus riadenia a jeho štruktúra. Štruktúra riadeného procesu. Základné úseky riadenia. Odborné oblasti riadenia. Všeobecné zásady pre tvorbu organizačných š...
Uložené v:
| Hlavný autor: | |
|---|---|
| Médium: | Kapitola |
| Jazyk: | Czech |
| Predmet: | |
| Tagy: |
Žiadne tagy, Buďte prvý, kto otaguje tento záznam!
|
MARC
| LEADER | 00000naa a2200000 4500 | ||
|---|---|---|---|
| 001 | r005123 | ||
| 005 | 20221125080445.7 | ||
| 041 | 0 | |a cze | |
| 044 | |a [CS] | ||
| 245 | 1 | 0 | |a Struktury řízení podniků v tržních podmínkách. |c Š. Kudělková |
| 520 | |a Nevyhovujúca organizačná štruktúra podniku a jeho informačného systému a smery zmien. Deľba práce v riadení. Členenie riadiaceho systému. Mechanizmus riadenia a jeho štruktúra. Štruktúra riadeného procesu. Základné úseky riadenia. Odborné oblasti riadenia. Všeobecné zásady pre tvorbu organizačných štruktúr v podniku. | ||
| 610 | 2 | 0 | |a riadenie podnikové |
| 610 | 2 | 0 | |a hospodárstvo trhové |
| 610 | 2 | 0 | |a štruktúra riadenia |
| 610 | 2 | 0 | |a deľba práce |
| 610 | 2 | 0 | |a štruktúra podniku organizačná |
| 610 | 2 | 0 | |a systémy informačné podnikové |
| 100 | 1 | |a Kudělková, Š. | |